| 000 | 00578nam a22001695i 4500 | ||
|---|---|---|---|
| 001 | 48112 | ||
| 003 | ES-MaACL | ||
| 005 | 20230906161709.0 | ||
| 007 | t| | ||
| 008 | 950706s1885 ag ||||1| spa d | ||
| 040 |
_aCAM _bspa _cCAM |
||
| 100 | 1 |
_aChacaltana, Cesáreo. _937747 |
|
| 245 | 1 | 0 |
_aCuestiones de actualidad sobre las recíprocas relaciones de la Iglesia y el Estado / _cpor Cesáreo Chacaltana. |
| 260 |
_aBuenos Aires : _bPatronato Nacional Argentino, _c1885 ( _fTaller Tipográfico de la Penitenciaria) |
||
| 300 |
_a658 p. ; _c22 cm. |
||
| 852 |
_aES-MaACL _jG-7534 |
||
| 999 |
_c48112 _d48112 |
||